00458nam a2200169Ia 4500008004100000020001800041050001400059100002300073245002800096245002700124245005300151260001000204260002600214260000900240300001400249300002500263180207s9999 xx 000 0 und d a9780060279806 bC979 2000 aCurtis, Jamie Lee. aWhere do balloons go? : ban uplifting mystery / cJamie Lee Curtis ; illustrated by Laura Cornell. aUSA : bJoanna Cotler Books,  c2000 aunpaged : bcolor illustration ;